000 00527nam a2200181Ia 4500
005 20250326130808.0
008 250326s9999 xx 000 0 und d
037 _aTextbook
040 _aFMSL
_beng
_cFMSL
041 _aeng
_2eng
084 _aX:8 P8
_qFMSL
100 _aBenbya H
_9741363
245 0 _aKnowledge management systems implementation: lessons from the silicon valley
_cBenbya H
260 _aEngland
_bEngland, Chandos
_c2008
300 _a288p
942 _cTB
_hX:8 P8
999 _c1284141
_d1284141